Statistics for Island Countries of the Caribbean Shape Quiz

Click here to take the quiz!

General Stats

  • This quiz has been taken 535 times
  • The average score is 12 of 13

Answer Stats

Answer% Correct
Cuba
99%
Bahamas
97%
Trinidad and Tobago
97%
Haiti
94%
Jamaica
94%
Antigua and Barbuda
91%
Dominican Republic
91%
Saint Kitts and Nevis
91%
Saint Vincent and the Grenadines
90%
Barbados
89%
Saint Lucia
88%
Dominica
85%
Grenada
84%

Score Distribution

Percentile by Number Answered

Percent of People with Each Score

Your Score History

You have not taken this quiz